| 000 | 00645 a2200229 4500 | ||
|---|---|---|---|
| 003 | 0199003 | ||
| 005 | 20250904130802.0 | ||
| 008 | 250904b |||||||| |||| 00| 0 eng d | ||
| 020 | _a978-0991-974535 | ||
| 040 |
_cNile University of Nigeria ,Abuja. _erda |
||
| 050 | _aKP 107 .O5 | ||
| 082 | _aKP 107 .O5 | ||
| 100 |
_aOni , Ayodele Dr. _d2023 |
||
| 245 | _aRenewables, Electric Power Transaction and The Electricity Act 2023 | ||
| 260 |
_aNigeria _bEclectix _c2023 |
||
| 264 |
_aNigeria _bEclectix _c2023 |
||
| 300 | _b554 pg,. 30 CM. | ||
| 336 | _2rdacontent | ||
| 338 | _2rdacarrier | ||
| 650 | _aElectricity Act | ||
| 942 |
_2lcc _cBK |
||
| 999 |
_c43629 _d43629 |
||